| 000 | 01116nas a2200337 4500 | ||
|---|---|---|---|
| 001 | BR8602547 | ||
| 003 | BR-BrBNA | ||
| 005 | 20231205090458.0 | ||
| 007 | ta | ||
| 008 | 230509b bl.|||p| |||| 00| 00por d | ||
| 040 |
_aBR-BrBNA _bpor _cBiblioteca Nacional de Agricultura |
||
| 041 | _a(Pt) | ||
| 072 | _aF62; H60 | ||
| 100 | 1 | _aCastro, P.R.C. | |
| 100 | 1 | _aRodrigues, J.D. | |
| 100 | 1 | _aMaimoni-Rodella, R.C.S. | |
| 100 | 1 | _aRabelo, J.C. | |
| 100 | 1 | _aVeiga, R.F.A. | |
| 100 | 1 | _aLima, G.P.P. | |
| 100 | 1 | _aJureidini, P. | |
| 100 | 1 | _aDenadai, I.A.M. | |
| 245 | 1 | _aAcao alelopatica de alguns extratos de plantas daninhas na germinacao do arroz (Oryza sativa L. cv. IAC-165) | |
| 246 | 1 | _a[Allelopathic action of some weed extracts on the germination of rice (Oryza sativa L. cv. IAC-165)] | |
| 650 | _aARROZ | ||
| 650 | _aERVA DANINHA | ||
| 650 | _aEXTRATO | ||
| 650 | _aGERMINACAO | ||
| 773 | 0 |
_tAnais da Escola Superior de Agricultura Luiz de Queiroz (Brazil) _xISSN 0071-1276 _g(1984), v. 41(1) p. 369-381 _wBR8602547 |
|
| 909 |
_a202311 _bLúcia _c55 _dLúcia Elande |
||
| 942 |
_2AGRIS _n0 _cANA |
||
| 999 |
_c118735 _d118735 |
||